00774nam a2200193 a 4500020002700000020003000027082001200057100002100069245003300090250001200123260003900135300001400174490003700188520023100225650001400456700002100470700001900491856007000510 a0030200881 (hardcover) a9780030200885 (hardcover) a540 OXT1 aOxtoby, David W.10aChemistry :science of change a3rd ed. a[S.l.] :bCengage Learning,c1997. a1152 p. ;1 aSaunders golden sunburst series. aThe organization of the text treats chemistry as an experimental subject by beginning with observable, macroscopic chemistry and later moving to the quantum mechanical theory that provides the underpinning of modern chemistry. achemistry1 aFreeman, Wade A.1 aBlock, Toby F.40uhttp://www.amazon.com/exec/obidos/ASIN/0030200881/chopaconline-20